LEADER 00859nam a2200217 u 4500 001 000000001785 003 CaOOAMICUS 005 20070226104342.0 008 940920s1915 it u000 u ita u 035 $a10044309 040 $aPUL(R)$bita 100 1 $aFerri, Silvio,$d1890-$0(OLS)http://pul/name/1945 245 13$aLa Sibilla :$bsaggio sulla religione popolare greca /$cSilvio Ferri. 260 $a[Pisa :$bNistri,$c1915] 300 $a106 p., 2 f. ;$c24 cm 650 4$aReligione greca.$0(OLS)http://pul/subject/1705 850 $aPUL 852 $aPUL$W1$xDP1 Fondo Cecchetti$y53$m283 C 11$j2368$nBK-PRI$b $qFondi$B2368$CPULBib$Z2$F2368 $HPUL5620 $81 941 1 $a1 996 $6245$aLa Sibilla :$bsaggio sulla religione popolare greca$9(OLS)http://pul/title/2682 996 $6260$a[Pisa :$bNistri$9(OLS)http://pul/publisher/48968 LEADER 01114nam a2200289 u 4500 001 000000042487 003 CaOOAMICUS 005 20070226114330.0 008 990302s1992 sp u000 u spa u 020 $a8432129143 035 $a10815827 040 $aPUL$bita$dPUL(R) 100 1 $aMelendo, Tomás,$d1951-$0(OLS)http://pul/name/31206 245 13$aLa dignidad del trabajo /$cTomás Melendo. 260 $aMadrid :$bRIALP,$c1992. 300 $a229 p. ;$c20 cm 490 1 $aMonografías y tratados GER 504 $aBibliografia in nota. 650 4$aLavoro$xAspetti morali e religiosi.$0(OLS)http://pul/subject/1144 830 0$aMonografías y tratados GER.$0(OLS)http://pul/title/57323 850 $aPUL 852 $aPUL$W1$xDP1 Cons. Gen., Altre Classi 1$y22$m46 I 58$j57411$nBK-PRI$b $qStampati$B57411$CPULBib$Z2$F57411 $H $81 941 1 $a8 961 $aINV: 79344 996 $6020$a8432129143$9(OLS)http://pul/number/52966 996 $6245$aLa dignidad del trabajo$9(OLS)http://pul/title/57322 996 $6260$aMadrid :$bRIALP$9(OLS)http://pul/publisher/53879